| 000 | 00537cam a22002171 4500 | ||
|---|---|---|---|
| 001 | sa 67002153 | ||
| 003 | DLC | ||
| 005 | 20260227112328.0 | ||
| 008 | 891220s1966 ii 000 0 gujo | ||
| 010 | _asa 67002153 | ||
| 035 | _a(OCoLC)20808223 | ||
| 040 |
_aDLC _cWaU _dDLC |
||
| 042 | _apremarc | ||
| 050 | 0 | 0 |
_aBL1219 _b.M4 |
| 100 | 1 |
_aMehta, Ramniklal Ratilal, _d1899- |
|
| 245 | 1 | 0 | _aŚrī Purushottama māhātmya. |
| 260 | _c[1966] | ||
| 300 |
_a175 p. _c19 cm. |
||
| 500 | _aIn Gujarati. | ||
| 650 | 0 | _aVishnu (Hindu deity) | |
| 999 |
_c73076 _d73076 |
||